000
00270nam a22001217a 4500
008
170414b xxu||||| |||| 00| 0 eng d
041
_a
eng
080
_2
17
_a
618
100
_a
10
101
_a
SHM
245
_a
WILLIAMS OBSTETRICS
_c
PRITCHARD.J.A
942
_2
udc
_c
BK
999
_c
10844
_d
10844